00406nam a2200157Ia 450000500170000000800410001702000150005808200130007310000100008624500470009626000530014330000170019665000130021365000100022665000120023620240813073212.0240331s9999 xx 000 0 und d a1558491163 bJAYa401 aJay,M 0aCultural semantics :bkeywords of our time aAmherstbUniversity of massachusetts pressc1998 ax, 263 p ., aCultural aWomen aHistory